000 00521nam a22001697a 4500
020 _a9788131254158
082 _a617.7
_bSIH
245 _aParsons' Diseases of the Eye /
_cEdited by Ramanjit Sihota; Radhika Tandon
250 _a23rd Edition.
260 _aNew Delhi :
_bElsevier; Relx India pvt Ltd,
_c2020.
300 _a597 p. ;
_bill,
_c28 cm.
563 _aPBK.
650 _aEye--Diseases
_9113559
650 _aEye--Diseases--Alternative treatment
_9113560
650 _aOphthalmology
_9113561
942 _2ddc
_cBK
999 _c595232
_d595232